Essential English

Պահպանված է:
Մատենագիտական մանրամասներ
Հիմնական հեղինակ: Eckersley, C. E (Հեղինակ)
Ձևաչափ: Գիրք
Լեզու:անգլերեն
Հրապարակվել է: Londres Longmans Green 1942
Հրատարակություն:2a. ed
Խորագրեր:
Ցուցիչներ: Ավելացրեք ցուցիչ
Չկան պիտակներ, Եղեք առաջինը, ով նշում է այս գրառումը!

MARC

LEADER 00000nam a2200000 a 4500
001 UCZ6031
003 CL-VaPUC
008 951201e19420000UK |||||||||||||||||eng|d
082 0 4 |a 421.52  |b ECK  |2 21 
100 0 |a Eckersley, C. E  |e author  |9 350240 
245 1 0 |a Essential English 
250 |a 2a. ed 
300 |a v 
942 |c BK 
945 |d 19951201 00:00:00  |a lriquelm 
260 |a Londres  |b Longmans Green  |c 1942 
650 0 |a Inglés  |9 260023 
650 0 |a Enseñanza de idiomas  |9 339820 
650 0 |a Educación lingüística  |9 306506 
583 |a last modification  |c 19951201 00:00:00  |k Rodrigo Vera 
999 |c 242290  |d 242288 
952 |0 0  |1 0  |4 0  |6 421_520000000000000_ECK_1942  |7 0  |8 P  |9 255115  |a BIBEDU  |b BIBEDU  |c BIBEDU_PB  |d 2019-11-19  |h v.2  |i 1578545  |o 421.52 ECK 1942  |p 1578545  |r 2024-01-25  |w 2019-11-19  |y BK  |k FIL